000 00602nam a2200217Ia 4500
005 20250508152647.0
008 008 250505s9999 xx 000 0 eng d
037 _aTextual
040 _aFEDL
_beng
_cFEDL
041 _aeng
_2eng
084 _a001.4224, ARK
_qFEDL
100 _aArkin Herbert
245 0 _aTables for statisticians
260 _aNew York, USA
_bBarnes and Noble
_c1950
300 _avi,152p.
490 _aCollege Outline Series
650 _aStatistics
700 _a Colton Raymond R
_9762086
942 _cTEXL
_h001.4224, ARK
999 _c1337865
_d1337865